000 01457cam a22003854i 4500
003 PE-LiUPU
005 20250731184052.0
008 161007s r 000 0 spa d
035 _a(Sirsi) a164053
040 _aPE-LiUPU
_bspa
_cPE-LiUPU
_erda
041 1 _aspa
_hger
049 _aPRUA
082 0 4 _a808.8
_bH48
_220
100 1 _aHesse, Hermann,
_eautor.
245 1 0 _aSiddhartha /
_cHermann Hesse.
264 _aEspaña :
_bPlaneta de Agostini,
_c2003.
300 _a215 páginas ;
_c21 centímetros
336 _atext
_2rdacontent
337 _aunmediated
_2rdamedia
338 _avolume
_2rdacarrier
505 0 _aEl hijo del Brahmán -- Con los hombres niños -- A orrilas del río -- OM.
526 _aP145
526 _aP127
526 _aP97
526 _aP14
526 _aP07
856 _uhttp://www.opuslibros.org/Siddharta.pdf
910 _ajck
_bncf
_cncf
_d20161007
942 _2ddc
_cBOOK
949 _a808.8 H48
_wDEWEY
_c1
_i75094
_lCCODEBUL1
_mBUL
_p9.99
_r0
_sY
_tBOOK
_u2016-10-07
_xEDUCACION
_PP20
_0DONACION
_o.STAFF. Colección Ciencias Humanas y Educación
994 _aC0
_bPEPRU
596 _a1
999 _a808.8 H48
_wDEWEY
_c12910
_i75094
_d12910
_e2016-10-24
_f2021-11-5
_g5
_lCCODEBUL1
_mBUL
_n3
_p9.99
_r0
_sY
_tBOOK
_u2016-10-7
_xBIBLIOTECA
_PP20
_0DONACION
_o.STAFF. Colección Ciencias Humanas y Educación
980 _81
_gALBERTO SANCHEZ Responsable de Automatización